Welcome to the Holygrace Academy Library

Please use search bar below to get started

FASHION FROM CONCEPT TO CONSUMER (Record no. 5910)

MARC details
000 -LEADER
fixed length control field 00477nam a22001577a 4500
020 ## - INTERNATIONAL STANDARD BOOK NUMBER
ISBN 0-13-177478-6
082 ## - DEWEY DECIMAL CLASSIFICATION NUMBER
Classification number 746.58
Item number FRI/F
100 ## - MAIN ENTRY--AUTHOR NAME
Personal name FRINGS, GINI STEPHENS
245 ## - TITLE STATEMENT
Title FASHION FROM CONCEPT TO CONSUMER
250 ## - EDITION STATEMENT
Edition statement FOURTH EDITION
260 ## - PUBLICATION, DISTRIBUTION, ETC. (IMPRINT)
Place of publication NEW JERSEY
Name of publisher PRENTICE HALL CAREER & TECHNOLOGY
Year of publication 1994
300 ## - PHYSICAL DESCRIPTION
Number of Pages 359
520 ## - SUMMARY, ETC.
Summary, etc INSTRUCTIONAL PRODUCT THAT RECOGNIZES THE DEMANDS MADE OF TODAY'S WORKFORCE
650 ## - SUBJECT ADDED ENTRY--TOPICAL TERM
Topical Term FASHION STUDIES
Geographic subdivision UNITED STATES
942 ## - ADDED ENTRY ELEMENTS (KOHA)
Koha item type Books
Holdings
Withdrawn status Lost status Collection code Home library Current library Shelving location Date acquired Source of acquisition Full call number Accession Number Koha item type
    Reference Main Library Main Library SHELF 15G- FASHION,COOKING 29/01/2020 purchase 746.58 FRI/F 12410 Books